[Event "Lleida-ch"]
[Site "Almenar"]
[Date "2018.09.30"]
[Round "1"]
[White "Holgado Encinas, Cesar"]
[Black "Biosca Lacasa, Jordi"]
[Result "0-1"]
[WhiteElo "1675"]
[BlackElo "1833"]
[PlyCount "56"]
[EventDate "2018.09.30"]
[EventType "swiss"]
[EventRounds "9"]
[EventCountry "ESP"]
[SourceTitle "CBM 187 Extra"]
[Source "ChessBase"]
[SourceDate "2018.11.04"]
[SourceVersion "1"]
[SourceVersionDate "2018.11.04"]
[SourceQuality "1"]

1. c4 c6 2. d4 d5 3. Nc3 Nf6 4. cxd5 cxd5 5. Nf3 Bf5 6. Qb3 b6 7. Ne5 e6 8. Bf4 Be7 9. e4 dxe4 10. Bb5+ Kf8 11. Nc6 Nxc6 12. Bxc6 Rc8 13. Bb7 Rc7 14. Bxc7 Qxc7 15. Ba6 Ng4 16. Qc4 Qxc4 17. Bxc4 e3 18. Nd1 exf2+ 19. Nxf2 Ne3 20. Rc1 Nxg2+ 21. Ke2 g6 22. Bd3 Nf4+ 23. Kf3 Nxd3 24. Rc8+ Kg7 25. Rxh8 Kxh8 26. Nxd3 Bxd3 27. Ke3 Bc4 28. Rc1 Bg5+ 0-1